000 00548nam a22001817a 4500
003 OSt
005 20221109213410.0
008 221006b |||||||| |||| 00| 0 eng d
040 _cBiblioteca Lado V
082 _a708
_bC348rr
100 _9352
_aCastellón, Rolando
_ecurador
245 _aRelaciones/
260 _aCosta Rica
_bMuseo de arte y diseño contemporáneo
_c1996
300 _c28x23cm
_a50p.
700 _aBonito Oliva, Achille
_etextos
700 _aLea Remba, Luis e
_etextos
942 _2ddc
_c1
_h708
_iC348r
_n0
999 _c2546
_d2546